Responses for Show #7640 - Friday, November 24, 2017

Contestants

[<< previous game]

Jennifer Chang, a journalist from Brooklyn, New York

Marcus Gresham, a WRAP facilitator from Corydon, Indiana

Jesse Parks, a performance manager from Houston, Texas (whose 1-day cash winnings total $11,000)

[next game >>]

Jeopardy! Round responses

BILL'S BILL OF RIGHTS RIGHTS
DETECTIVE FICTION
PENCIL IT IN
TEAM MASCOTS
NOTABLE WOMEN
ALL "IZE" ON YOU
    $200 25
testify against himself

Jesse
    $200 21
Moriarty

Jesse
    $200 16
(Jesse: What is a compass?)
(Marcus: What is an eraser?)

a pencil sharpener

JesseMarcus
Triple Stumper
    $200 1
Blitz

Jesse
    $200 11
Margaret Thatcher

Jesse
    $200 6
accessorize

Marcus
    $400 26
(Alex: Less than a minute now.)

an official church (or religion)

Jesse
    $400 22
J.K. Rowling

Triple Stumper
    $400 17
colored pencils

Marcus
    $400 2
the Mets

Marcus
    $400 12
Oprah

Jesse
    $400 7
an appetizer

Jennifer
    $600 27
a warrant

Marcus
    $600 23
bones

Triple Stumper
    $600 18
graphite

Marcus
    $1,000 3
the Cleveland Cavaliers

Marcus
    $600 13
Sandra Day O'Connor

Jesse
    $600 8
synchronized

Marcus
    $800 28
(Jesse: What is seizure?)

bail

Jesse
Triple Stumper
    $800 24
Sue Grafton

Marcus
    $800 19
erasers

Marcus
    $800 4
the Canadiens

Marcus
    $800 14
Coco Chanel

Marcus
    $800 9
(Jesse: What is stabilize?)

prioritize

JesseMarcus
    $1000 29
the Miranda rights

Jesse
    $1000 30
Walter Mosley

Triple Stumper
    $1000 20
grease pens

Jesse
    $1000 5
the Astros

Marcus
    $1000 15
(Jennifer: Who is Goodall?)

Dian Fossey

Jennifer
Triple Stumper
    $1000 10
iodize

Jesse

Scores at the first commercial break (after clue 15):

Jesse Marcus Jennifer
$1,600 $5,600 -$600

Scores at the end of the Jeopardy! Round:

Jesse Marcus Jennifer
$3,400 $8,600 -$600

Double Jeopardy! Round responses

THE EUROPEAN MIDWEST
HOW MANY IN YOUR PARTY?
THEY PLAYED JFK
"P" IN PHYSICS
THE 300+
THIS...WAS...SPARTA!
    $400 9
Switzerland

Jennifer
    $400 14
three

Marcus
    $400 6
the PT-109

Jesse
    $400 24
air pressure

Jesse
    $400 19
311

Jesse
    $400 1
Athena

Jesse
    $800 10
Denmark

Jennifer
    $800 15
20

Jesse
    $800 7
Greg Kinnear

Jesse
    $2,000 25
a photon

Jesse
    $800 20
Lake Erie

Marcus
    $800 2
Hercules

Jennifer
    $1200 11
(Marcus: What's Warsaw?)

Prague

Marcus
Triple Stumper
    $1200 16
two

Marcus
    $1200 8
Patrick Dempsey

Marcus
    $1200 26
a projectile

Triple Stumper
    $1200 21
Ty Cobb

Marcus
    $2,000 3
(Jennifer: I don't know.)

Thermopylae

Jennifer
    $1600 12
Holland

Jennifer
    $1600 17
thirteen

Triple Stumper
    $1600 27
Jackie

Jennifer
    $1600 29
(Max) Planck

Jesse
    $1600 22
(Marcus: What is Somalia?)

Ethiopia

Marcus
Triple Stumper
    $1600 4
the phalanx

Triple Stumper
    $2000 13
the Ukraine

Marcus
    $2000 18
ten

Triple Stumper
    $2000 28
Animal House

Marcus
    $2000 30
the piezoelectric effect

Triple Stumper
    $2000 23
a Porsche

Triple Stumper
    $2000 5
Menelaus

Jennifer

Scores at the end of the Double Jeopardy! Round:

Jesse Marcus Jennifer
$10,200 $14,600 $4,600

[wagering suggestions for these scores]

Final Jeopardy! Round responses

NOVEL TITLE CHARACTERS
JenniferWho is Oliver Twist?
$4,600
JesseWho is Tom Thumb
$4,800
MarcusWho is Oliver Twist?
$5,801
Oliver Twist

Final scores:

Jesse Marcus Jennifer
$5,400 $20,401 $9,200
3rd place: $1,000 New champion: $20,401 2nd place: $2,000

Game dynamics:

Coryat scores:

Jesse Marcus Jennifer
$9,000 $14,200 $6,600
18 R
(including 1 DD),
3 W
20 R
(including 1 DD),
3 W
7 R,
2 W
(including 1 DD)

Combined Coryat: $29,800

[game clues] [game scores] [suggest correction]

Game tape date: 2017-08-22
The J! Archive is created by fans, for fans. Scraping, republication, monetization, and malicious use prohibited; this site may use cookies and collect identifying information. See terms. The Jeopardy! game show and all elements thereof, including but not limited to copyright and trademark thereto, are the property of Jeopardy Productions, Inc. and are protected under law. This website is not affiliated with, sponsored by, or operated by Jeopardy Productions, Inc. Join the discussion at JBoard.tv.